U.S presidents that were born in Virginia - Statistics

General Stats
  • This quiz has been taken 11 times
  • The average score is 5 of 7
Answer Stats
Answer % Correct
George Washington
100%
Thomas Jefferson
100%
James Monroe
91%
James Madison
82%
John Tyler
73%
William Henry Harrison
45%
Zachary Taylor
45%
No matching quizzes found
Score Distribution
Percent of People with Each Score
Percentile by Number Answered
Your Score History
You have not taken this quiz